Pet Names in Harry Potter - Statistics

General Stats
  • This quiz has been taken 29 times
  • The average score is 12 of 15
Answer Stats
Hint Answer % Correct
Harry Potter - Owl Hedwig
96%
Lord Voldemort - Snake Nagini
92%
Percy Weasley/Ron Weasley - Rat Scabbers
92%
Hermione Granger - Cat/Kneazle Crookshanks
88%
Rubeus Hagrid/Sirius Black - Hippogriff Buckbeak
83%
Albus Dumbledore - Phoenix Fawkes
83%
Argus Filch - Cat Mrs. Norris
83%
Rubeus Hagrid - Acromantula Aragog
79%
Weasley Family - Owl Errol
79%
Rubeus Hagrid - Boarhound Fang
79%
Neville Longbottom - Toad Trevor
79%
Ron Weasley - Owl Pigwidgeon
75%
Percy Weasley - Owl Hermes
63%
Ginny Weasley - Pygmy Puff Arnold
50%
Lavender Brown - Rabbit Binky
46%
No matching quizzes found
Score Distribution
Percent of People with Each Score
Percentile by Number Answered
Your Score History
You have not taken this quiz